Go to main content
000000573 001__ 573
000000573 005__ 20260410124449.0
000000573 0247_ $$2DOI$$a10.6083/M4TH8JP2
000000573 037__ $$aETD
000000573 245__ $$aPersonal medication management in everyday life: preliminary results regarding elders' preferred medication reminder modalities
000000573 260__ $$bOregon Health and Science University
000000573 269__ $$a2008
000000573 336__ $$aThesis
000000573 502__ $$bM.B.I.
000000573 502__ $$gBiomedical Informatics
000000573 520__ $$aAn expanding elderly population worldwide, with associated needs for medication and adherence assistance, requires an improved understanding of elders’ general medication management practices and preferences regarding medication reminder devices.  The  purpose of this study was to investigate elders’ preferences regarding a variety of commercially available medication reminder device types and reminding modes.  The study also explored elders’ general medication management behavior.  Findings suggest that elders’ medication reminder device preferences can be assessed via consideration of four general types of internal and external contextual factors: affective, cognitive, physical, and social factors.  Preliminary study findings and design implications are discussed, along with plans for future analysis and research.
000000573 540__ $$fCC BY
000000573 542__ $$fIn copyright - single owner
000000573 650__ $$aAged$$014351
000000573 650__ $$aPatient Compliance$$023664
000000573 650__ $$aReminder Systems$$029614
000000573 650__ $$aMedication Therapy Management$$037901
000000573 650__ $$aAged, 80 and over$$014352
000000573 691__ $$aSchool of Medicine$$041369
000000573 692__ $$aDepartment of Medical Informatics and Clinical Epidemiology$$041422
000000573 7001_ $$aAbrahamson, Jennie$$uOregon Health and Science University$$041354
000000573 7201_ $$aJimison, Holly$$uOregon Health and Science University$$041354$$7Personal$$eAdvisor
000000573 8564_ $$94fb7458f-6e8c-4a74-85d1-e26b4aaefc24$$s237224$$uhttps://digitalcollections.ohsu.edu/record/573/files/574_etd.pdf$$ePublic$$2dbbbfffef566ed36c5f3bfa8530c906a$$31
000000573 901__ $$a<p>These documents are archival records. They are retained for historical reference only. </p><p><b>Need an accessible version? Use the ‘Get Accessible Copy’ link above.</b></p>
000000573 905__ $$a/rest/prod/pn/89/d6/58/pn89d658s
000000573 909CO $$ooai:digitalcollections.ohsu.edu:573$$pstudent-work
000000573 956__ $$aGet Accessible Copy$$uhttps://ohsu.libwizard.com/f/requestaccessibledocument
000000573 980__ $$aTheses and Dissertations